Normal view
MARC view
- Supervisor Dr. Muhammad Asif Farooq
Entry Personal Name
001 - CONTROL NUMBER
- control field: 123555
003 - CONTROL NUMBER IDENTIFIER
- control field: NUST
005 - DATE AND TIME OF LATEST TRANSACTION
- control field: 20240612163235.0
008 - FIXED-LENGTH DATA ELEMENTS
- fixed length control field: 240612|| aca||aabn | a|a d
040 ## - CATALOGING SOURCE
- Original cataloging agency: NUST
- Transcribing agency: NUST
100 ## - HEADING--PERSONAL NAME
- Personal name: Supervisor Dr. Muhammad Asif Farooq
670 ## - SOURCE DATA FOUND
- Source citation: Work cat.: (NUST): Irfan, Muhammad 16781, Numerical Simulation of Steady/Unsteady MHD Flow over a Non-linear Stretching/Shrinking Sheet with Variable Liquid Characteristics/
